Manual del ceramista (Record no. 373)

MARC details
000 -CABECERA
campo de control de longitud fija 00745nam a2200229 a 4500
001 - NÚMERO DE CONTROL
campo de control BRCA_438
005 - FECHA Y HORA DE LA ÚLTIMA TRANSACCIÓN
campo de control 20190320203018.0
008 - DATOS DE LONGITUD FIJA--INFORMACIÓN GENERAL
campo de control de longitud fija 050905s1981----sp-a---###---#000-0#spa-#
020 ## - NÚMERO INTERNACIONAL ESTÁNDAR DEL LIBRO
Número Internacional Estándar del Libro 8470312820
050 #4 - SIGNATURA TOPOGRÁFICA DE LA BIBLIOTECA DEL CONGRESO
Número de clasificación NK4225
Número de documento/Ítem .L43 1981
Número de clasificación suplementario (MU) [OBSOLETO] 1887-
-- Leach, Bernard Howell
245 10 - MENCIÓN DE TÍTULO
Título Manual del ceramista
Mención de responsabilidad, etc. Bernard Leach ; traducción Elisenda Sala.
260 ## - PUBLICACIÓN, DISTRIBUCIÓN, ETC.
Lugar de publicación, distribución, etc. Barcelona
Nombre del editor, distribuidor, etc. Blume
Fecha de publicación, distribución, etc. 1981
300 ## - DESCRIPCIÓN FÍSICA
Extensión 415 p.
Otras características físicas il. blanco y negro
Dimensiones 18 cm.
440 #0 - MENCIÓN DE SERIE/PUNTO DE ACCESO ADICIONAL--TÍTULO
Título Libros de arte de bolsillo
Número de parte o sección de la obra 9
9 (RLIN) 1500
500 ## - NOTA GENERAL
Nota general Incluye índice de ilustraciones y de nombres
500 ## - NOTA GENERAL
Nota general Incluye apéndice
500 ## - NOTA GENERAL
Nota general Traducción de: A Potter´s Book
650 14 - PUNTO DE ACCESO ADICIONAL DE MATERIA--TÉRMINO DE MATERIA
Término de materia o nombre geográfico como elemento de entrada Cerámica
Subdivisión de forma Manuales
9 (RLIN) 1501
650 14 - PUNTO DE ACCESO ADICIONAL DE MATERIA--TÉRMINO DE MATERIA
Término de materia o nombre geográfico como elemento de entrada Arcilla
9 (RLIN) 1502
700 1# - PUNTO DE ACCESO ADICIONAL--NOMBRE DE PERSONA
Nombre de persona Sala, Elisenda
9 (RLIN) 1503
942 ## - ELEMENTOS DE PUNTO DE ACCESO ADICIONAL (KOHA)
Fuente del sistema de clasificación o colocación Library of Congress Classification
Tipo de ítem Koha Libros
Holdings
Estado de retiro Estado de pérdida Estado dañado No para préstamo Localización permanente Ubicación/localización actual Fecha de adquisición Total de préstamos Signatura topográfica completa Código de barras Fecha visto por última vez Precio válido a partir de Tipo de ítem Koha
El ejemplar forma parte de la colección y puede ser consultado según las políticas vigentes.       Biblioteca del Museo Franz Mayer (Rogerio Casas-Alatriste) Biblioteca del Museo Franz Mayer (Rogerio Casas-Alatriste) 25/06/2008   NK4225 .L43 1981 00738 22/03/2019 22/03/2019 Libros